000 00592nam a22002297a 4500
003 UA-OsUOA
001 92947
007 ta
008 20130103b un ||||| |||| 00| 0 ukr d
100 _aБолдырев В.
090 _a821.161.1
_bБ79
942 _cBK
040 _aUA-OsUOA
_brus
_cUA-OsUOA
_dUA-OsUOA
245 _aПолуостров загадок
_bрассказы
300 _a100 с.
955 _a3
041 _arus
080 _a821.161.1
260 _aМ.
_c1959
650 7 _a82 Література. Літературознавство
_2UDC
999 _c378881
_d378881